| 000 | 00666nam a2200169 i 4500 | ||
|---|---|---|---|
| 001 | 158511 | ||
| 003 | ES-MaACL | ||
| 005 | 20230906211156.0 | ||
| 008 | 040831s1880 xxk |||| | eng d | ||
| 100 | 1 |
_aMahaffy, John Pentland. _9129354 |
|
| 245 | 1 | 2 |
_aA history of classical greek literature / _cby J.P. Mahaffy. |
| 260 |
_aLondon : _bLongmans, Green and Co., _c1880 ( _fSpottiswoode and Co.) |
||
| 300 |
_a2 v. (XII, 525 ; 458 p.) ; _c19 cm. |
||
| 505 | 8 | _aContiene : I. The poets (with an appendix on Homer, by Prof. Sayce) - II. The prose writers | |
| 650 | 0 | 0 |
_aLiteratura griega- _xHistoria y crÃtica. _914599 |
| 852 |
_aES-MaACL _jF-10963-64 _z- Enc. tela |
||
| 999 |
_c158511 _d158511 |
||